Normal view
MARC view
Entry Personal Name
001 - CONTROL NUMBER
- control field: 222226
003 - CONTROL NUMBER IDENTIFIER
- control field: OSt
005 - DATE AND TIME OF LATEST TRANSACTION
- control field: 20220924150458.0
008 - FIXED-LENGTH DATA ELEMENTS
- fixed length control field: 220924|| aca||aabn | a|a d
040 ## - CATALOGING SOURCE
- Original cataloging agency: OSt
- Transcribing agency: OSt
100 ## - HEADING--PERSONAL NAME
- Personal name: Viswanathan Kashi Au
670 ## - SOURCE DATA FOUND
- Source citation: Work cat.: (OSt)463510: Viswanathan Kashi Au. , Gala gala godari kadali pothunte, 1962
